[Event "WchT Seniors 65"]
[Site "Struga"]
[Date "2023.09.28"]
[Round "9.4"]
[White "Hughes, Anthony"]
[Black "Reuben, Stewart"]
[Result "0-1"]
[WhiteElo "1838"]
[BlackElo "1912"]
[PlyCount "74"]
[EventDate "2023.09.19"]
[EventType "team-swiss"]
[EventRounds "9"]
[EventCountry "MKD"]
[SourceTitle "EXT 2024"]
[Source "ChessBase"]
[SourceDate "2023.10.10"]
[SourceVersion "1"]
[SourceVersionDate "2023.10.10"]
[SourceQuality "1"]
[WhiteTeam "Wales Silures 65"]
[BlackTeam "England 65 II"]
[WhiteTeamCountry "WLS"]
[BlackTeamCountry "ENG"]

1. c4 c5 2. Nc3 Nc6 3. g3 g6 4. Bg2 Bg7 5. e4 d6 6. Nge2 Nh6 7. d3 f5 8. h4 fxe4 9. dxe4 Nf7 10. Be3 Be6 11. b3 Qd7 12. Qd2 Nce5 13. 0-0-0 Ng4 14. Nd5 Nxe3 15. Qxe3 Bg4 16. f4 e6 17. Ndc3 Bxc3 18. Nxc3 Bxd1 19. Rxd1 Qe7 20. e5 dxe5 21. fxe5 0-0 22. Bh3 Kg7 23. Ne4 b6 24. h5 Rad8 25. Rh1 Nxe5 26. Ng5 Nd3+ 27. Kb1 Qf6 28. Rh2 Rfe8 29. Rd2 Qc3 30. h6+ Kh8 31. Rf2 Rd7 32. Bxe6 Rde7 33. Rc2 Qe1+ 34. Qxe1 Nxe1 35. Re2 Nf3 36. Nf7+ Rxf7 37. Kc2 Nd4+ 0-1

[Event "WchT Seniors 65"]
[Site "Struga"]
[Date "2023.09.24"]
[Round "6.4"]
[White "Reuben, Stewart"]
[Black "Lang, Karl"]
[Result "1-0"]
[WhiteElo "1912"]
[BlackElo "1973"]
[PlyCount "83"]
[EventDate "2023.09.19"]
[EventType "team-swiss"]
[EventRounds "9"]
[EventCountry "MKD"]
[SourceTitle "EXT 2024"]
[Source "ChessBase"]
[SourceDate "2023.10.10"]
[SourceVersion "1"]
[SourceVersionDate "2023.10.10"]
[SourceQuality "1"]
[WhiteTeam "England 65 II"]
[BlackTeam "Austria 65 II"]
[WhiteTeamCountry "ENG"]
[BlackTeamCountry "AUT"]

1. d4 Nf6 2. c4 e6 3. Nc3 Bb4 4. Bg5 c5 5. d5 d6 6. e3 Bxc3+ 7. bxc3 h6 8. Bh4 e5 9. Qc2 Nbd7 10. e4 Qa5 11. Bd3 a6 12. Rb1 Rb8 13. Nf3 g5 14. Bg3 Nh5 15. 0-0 Nf8 16. h4 g4 17. Nxe5 Nxg3 18. Nxf7 Nxf1 19. Nxh8 Qc7 20. e5 Qg7 21. Ng6 dxe5 22. Nxf8 Kxf8 23. Rxf1 Bd7 24. f4 Kg8 25. fxe5 Qxe5 26. Qf2 Qg7 27. Qf6 Re8 28. Qxg7+ Kxg7 29. Kf2 Re5 30. Rb1 Bc8 31. Rb6 h5 32. g3 Kf7 33. Rh6 Kg7 34. Rg6+ Kf7 35. Rh6 Kg7 36. Rh7+ Kf6 37. Rc7 Bf5 38. Be2 Bc2 39. Rxb7 Rf5+ 40. Ke3 Re5+ 41. Kd2 Be4 42. Rb8 1-0

[Event "GBR-ch Seniors 50 108th"]
[Site "Torquay"]
[Date "2022.08.11"]
[Round "5"]
[White "Mueller, Jens1111"]
[Black "Reuben, Stewart"]
[Result "1/2-1/2"]
[WhiteElo "1879"]
[BlackElo "1946"]
[PlyCount "46"]
[EventDate "2022.08.08"]
[EventType "swiss"]
[EventRounds "7"]
[EventCountry "ENG"]
[SourceTitle "EXT 2024"]
[Source "ChessBase"]
[SourceDate "2023.10.10"]
[SourceVersion "1"]
[SourceVersionDate "2023.10.10"]
[SourceQuality "1"]

1. d4 c5 2. d5 e6 3. Nc3 Nf6 4. e4 d6 5. Bb5+ Bd7 6. a4 Be7 7. Nf3 e5 8. 0-0 0-0 9. Bxd7 Nbxd7 10. Nd2 Ne8 11. Nc4 Bg5 12. f4 exf4 13. Bxf4 Bxf4 14. Rxf4 Ne5 15. Nxe5 dxe5 16. Rf2 Nd6 17. Qe2 Qb6 18. Nb5 a6 19. Nxd6 Qxd6 20. a5 Rad8 21. c4 Qc7 22. Qd2 Rd6 23. h3 f6 1/2-1/2

[Event "GBR-ch Seniors 50 108th"]
[Site "Torquay"]
[Date "2022.08.11"]
[Round "4"]
[White "Reuben, Stewart"]
[Black "Ingham, H William"]
[Result "1-0"]
[WhiteElo "1946"]
[BlackElo "1842"]
[PlyCount "61"]
[EventDate "2022.08.08"]
[EventType "swiss"]
[EventRounds "7"]
[EventCountry "ENG"]
[SourceTitle "EXT 2024"]
[Source "ChessBase"]
[SourceDate "2023.10.10"]
[SourceVersion "1"]
[SourceVersionDate "2023.10.10"]
[SourceQuality "1"]

1. b3 e5 2. Bb2 d6 3. e4 Nf6 4. d3 Be7 5. Nd2 0-0 6. Nc4 c6 7. Be2 Qc7 8. Nf3 Re8 9. 0-0 b5 10. Ne3 Bf8 11. Nh4 Na6 12. f4 Be7 13. Nef5 Bf8 14. Qd2 g6 15. fxe5 dxe5 16. Nh6+ Bxh6 17. Qxh6 Ng4 18. Bxg4 Bxg4 19. h3 Bc8 20. Rf3 Qe7 21. Raf1 Rf8 22. Nf5 Bxf5 23. exf5 Rfe8 24. fxg6 fxg6 25. Rf7 Qxf7 26. Rxf7 Kxf7 27. Qxh7+ Kf6 28. Qb7 Nb4 29. a3 Rab8 30. Qc7 Rbc8 31. Qd6+ 1-0

[Event "GBR-ch Seniors 50 108th"]
[Site "Torquay"]
[Date "2022.08.08"]
[Round "1"]
[White "Duncan, Christopher R"]
[Black "Reuben, Stewart"]
[Result "1-0"]
[WhiteElo "2178"]
[BlackElo "1946"]
[PlyCount "81"]
[EventDate "2022.08.08"]
[EventType "swiss"]
[EventRounds "7"]
[EventCountry "ENG"]
[SourceTitle "EXT 2024"]
[Source "ChessBase"]
[SourceDate "2023.10.10"]
[SourceVersion "1"]
[SourceVersionDate "2023.10.10"]
[SourceQuality "1"]

1. Nf3 g6 2. c4 c5 3. d4 cxd4 4. Nxd4 Bg7 5. e4 Qb6 6. Nb3 d6 7. Be3 Qc7 8. Nc3 Bxc3+ 9. bxc3 Nf6 10. f3 Be6 11. c5 Bxb3 12. axb3 dxc5 13. Bh6 Nc6 14. Be2 Rd8 15. Qc1 a6 16. 0-0 Ne5 17. Qe3 c4 18. Rab1 b5 19. b4 Nd3 20. Rfd1 Ne5 21. Rxd8+ Qxd8 22. Qa7 Ned7 23. Ra1 Nb8 24. Rd1 Nfd7 25. Bg7 Rg8 26. Bd4 Qc8 27. Bf2 f6 28. f4 Kf7 29. Qd4 Qc6 30. e5 fxe5 31. fxe5 Qe6 32. Bg4 Qxe5 33. Bxd7 Qxd4 34. Rxd4 e5 35. Rd1 Ke7 36. Bc5+ Kf6 37. Rf1+ Kg7 38. Be6 Re8 39. Rf7+ Kh6 40. Be3+ Kh5 41. Rxh7# 1-0

[Event "ENG-ch Seniors 65"]
[Site "Milton Keynes"]
[Date "2021.10.09"]
[Round "6"]
[White "Reuben, Stewart"]
[Black "Ingham, H William"]
[Result "0-1"]
[WhiteElo "1991"]
[BlackElo "1855"]
[PlyCount "110"]
[EventDate "2021.10.04"]
[EventType "swiss"]
[EventRounds "7"]
[EventCountry "ENG"]
[SourceTitle "EXT 2023"]
[Source "ChessBase"]
[SourceDate "2022.10.05"]
[SourceVersion "1"]
[SourceVersionDate "2022.10.05"]
[SourceQuality "1"]

1. c4 c6 2. b3 e5 3. Bb2 Qc7 4. d4 d6 5. Qc2 Nf6 6. Nf3 Nbd7 7. Nbd2 Be7 8. e3 0-0 9. Bd3 Re8 10. 0-0 Bf8 11. Bf5 g6 12. Bh3 Nb6 13. Bxc8 Raxc8 14. Qc3 e4 15. d5 Bg7 16. Ng5 cxd5 17. f3 Nh5 18. Qc2 Bxb2 19. Qxb2 Qe7 20. f4 f5 21. Qd4 h6 22. Nh3 Qf6 23. Qxf6 Nxf6 24. Rac1 dxc4 25. bxc4 Rc5 26. Rc3 Rec8 27. Ra3 Ng4 28. Re1 Nxc4 29. Nxc4 Rxc4 30. Nf2 Rc1 31. Nd1 a6 32. h3 Nf6 33. Rb3 b5 34. Kf1 Nd5 35. Nb2 R1c3 36. Kf2 Rxb3 37. axb3 Rc2+ 38. Re2 Rc3 39. Nd1 Rxb3 40. Rd2 Rd3 41. Rxd3 exd3 42. Ke1 Kf7 43. Kd2 Nb4 44. Kc3 a5 45. Kd2 Ke6 46. Nc3 Kd7 47. Nxb5 Kc6 48. Nc3 Kc5 49. e4 Kd4 50. exf5 gxf5 51. Nb5+ Kc5 52. Na3 d5 53. Kc3 d4+ 54. Kd2 h5 55. Ke1 Nc2+ 0-1

[Event "ENG-ch Seniors 65"]
[Site "Milton Keynes"]
[Date "2021.10.07"]
[Round "4"]
[White "Reuben, Stewart"]
[Black "De Coverly, Roger D"]
[Result "0-1"]
[WhiteElo "1991"]
[BlackElo "1863"]
[PlyCount "88"]
[EventDate "2021.10.04"]
[EventType "swiss"]
[EventRounds "7"]
[EventCountry "ENG"]
[SourceTitle "EXT 2023"]
[Source "ChessBase"]
[SourceDate "2022.10.05"]
[SourceVersion "1"]
[SourceVersionDate "2022.10.05"]
[SourceQuality "1"]

1. c4 Nf6 2. Nc3 g6 3. g3 Bg7 4. Bg2 d6 5. d4 0-0 6. e4 Nbd7 7. Nge2 e5 8. 0-0 exd4 9. Nxd4 a5 10. Be3 Re8 11. f3 Nc5 12. Qd2 Nfd7 13. Ndb5 Na6 14. Rad1 Ne5 15. b3 Bd7 16. Bd4 Bxb5 17. Nxb5 a4 18. f4 Nc6 19. Bxg7 Kxg7 20. f5 f6 21. fxg6 hxg6 22. Qf4 Qe7 23. h4 axb3 24. axb3 Qe5 25. Kh2 Re7 26. Qg4 Qh5 27. Qf4 Rf8 28. Rd2 Nc5 29. Qe3 Ne5 30. Qc3 Rff7 31. b4 Ng4+ 32. Kg1 Nxe4 33. Bxe4 Rxe4 34. Rd5 Ne5 35. Nd4 Qg4 36. Nc2 Rxc4 37. Qb3 Qe4 38. Rd2 Re7 39. Rf4 Qc6 40. Rdf2 f5 41. Nd4 Qd5 42. Qe3 Nc6 43. Nxf5+ gxf5 44. Re4 fxe4 0-1

[Event "ENG-ch Seniors 65"]
[Site "Milton Keynes"]
[Date "2021.10.06"]
[Round "3"]
[White "Jackson, Oliver A"]
[Black "Reuben, Stewart"]
[Result "1-0"]
[WhiteElo "2112"]
[BlackElo "1991"]
[PlyCount "57"]
[EventDate "2021.10.04"]
[EventType "swiss"]
[EventRounds "7"]
[EventCountry "ENG"]
[SourceTitle "EXT 2023"]
[Source "ChessBase"]
[SourceDate "2022.10.05"]
[SourceVersion "1"]
[SourceVersionDate "2022.10.05"]
[SourceQuality "1"]

1. e4 c5 2. Nc3 g6 3. f4 Bg7 4. Nf3 Nc6 5. Bb5 Nd4 6. 0-0 Nxb5 7. Nxb5 d6 8. d3 Bd7 9. a4 a6 10. Nc3 e6 11. f5 Ne7 12. f6 Bxf6 13. e5 Bg7 14. Ne4 Nc8 15. Bg5 Qc7 16. Nf6+ Kf8 17. d4 Bc6 18. d5 Bxd5 19. Nxd5 exd5 20. Qxd5 dxe5 21. Be3 Ne7 22. Bxc5 Rd8 23. Qc4 Rc8 24. b4 Ke8 25. Ng5 Nf5 26. Ne6 fxe6 27. Qxe6+ Kd8 28. Rxf5 Qxc5+ 29. bxc5 1-0

[Event "EUR-chT Seniors 65"]
[Site "Mali Losinj"]
[Date "2019.09.21"]
[Round "4.3"]
[White "Kiefer, Gerhard"]
[Black "Reuben, Stewart"]
[Result "1-0"]
[WhiteElo "2227"]
[BlackElo "1983"]
[PlyCount "43"]
[EventDate "2019.09.18"]
[EventType "team-swiss"]
[EventRounds "9"]
[EventCountry "CRO"]
[SourceTitle "EXT 2020"]
[Source "ChessBase"]
[SourceDate "2019.10.17"]
[SourceVersion "1"]
[SourceVersionDate "2019.10.17"]
[SourceQuality "1"]
[WhiteTeam "Germany 65"]
[BlackTeam "England 65"]
[WhiteTeamCountry "GER"]
[BlackTeamCountry "ENG"]

1. e4 c5 2. Nf3 Nc6 3. d4 cxd4 4. Nxd4 g6 5. Be3 Nf6 6. Nc3 Bg7 7. Bc4 0-0 8. Bb3 a6 9. f3 Qc7 10. Qd2 b5 11. 0-0-0 Na5 12. h4 Bb7 13. h5 b4 14. Na4 Nxb3+ 15. axb3 Rac8 16. Kb1 Nxh5 17. Rxh5 gxh5 18. Nf5 Bf6 19. Bd4 e5 20. Bc5 d5 21. Qh6 Qc6 22. exd5 1-0

[Event "GBR-ch 65+ 106th"]
[Site "Torquay"]
[Date "2019.07.29"]
[Round "1"]
[White "Blewitt, Stephen"]
[Black "Reuben, Stewart"]
[Result "1-0"]
[WhiteElo "1744"]
[BlackElo "1996"]
[PlyCount "65"]
[EventDate "2019.07.29"]
[EventType "swiss"]
[EventRounds "7"]
[EventCountry "ENG"]
[SourceTitle "EXT 2020"]
[Source "ChessBase"]
[SourceDate "2019.10.17"]
[SourceVersion "1"]
[SourceVersionDate "2019.10.17"]
[SourceQuality "1"]

1. b3 d5 2. Bb2 c5 3. e3 Nc6 4. f4 Nf6 5. Nf3 e6 6. Be2 Be7 7. a4 0-0 8. 0-0 Nd7 9. Bb5 Bf6 10. Bxf6 Qxf6 11. Nc3 a6 12. Bxc6 bxc6 13. a5 Rb8 14. h3 e5 15. fxe5 Nxe5 16. Ne2 Nxf3+ 17. Rxf3 Qe5 18. Ra4 Rb4 19. Rf4 Rxa4 20. Rxa4 Re8 21. Kf2 Bf5 22. Ng3 Bg6 23. c3 Re6 24. Rf4 Bd3 25. Qg4 h6 26. Qf3 Qc7 27. Kg1 Bg6 28. b4 cxb4 29. cxb4 Qe5 30. Qf1 Qb2 31. Qxa6 Qxd2 32. Nf1 Qxb4 33. Rxb4 1-0

[Event "WchT Seniors 65"]
[Site "Rhodes"]
[Date "2019.04.24"]
[Round "9.9"]
[White "Reuben, Stewart"]
[Black "Thornton, John D"]
[Result "1/2-1/2"]
[WhiteElo "1974"]
[BlackElo "2061"]
[PlyCount "70"]
[EventDate "2019.04.16"]
[EventType "team-swiss"]
[EventRounds "9"]
[EventCountry "GRE"]
[SourceTitle "CBM 190 Extra"]
[Source "ChessBase"]
[SourceDate "2019.07.15"]
[SourceVersion "1"]
[SourceVersionDate "2019.07.15"]
[SourceQuality "1"]
[WhiteTeam "England III"]
[BlackTeam "Wales"]
[WhiteTeamCountry "ENG"]
[BlackTeamCountry "WLS"]

1. c4 e5 2. Nc3 f5 3. e4 d6 4. Nf3 Nf6 5. d3 Be7 6. Be2 0-0 7. Nd5 Nc6 8. Nxe7+ Qxe7 9. Bg5 Qf7 10. Bxf6 Qxf6 11. Qd2 fxe4 12. dxe4 Bg4 13. 0-0 Bxf3 14. Bxf3 Nd4 15. Be2 Qh4 16. f3 Rf6 17. Rf2 Raf8 18. Raf1 Qf4 19. Qxf4 Rxf4 20. Bd1 g5 21. h3 Kg7 22. g3 R4f6 23. Kg2 Kg6 24. Rd2 h5 25. Rdf2 Kh6 26. Rd2 b6 27. Rdf2 a5 28. Rd2 Ne6 29. Ba4 Nd4 30. Rdf2 h4 31. Bd7 hxg3 32. Kxg3 Ne6 33. Bxe6 Rxe6 34. Rh1 Rg8 35. Rfh2 Rf6 1/2-1/2

[Event "WchT Seniors 65"]
[Site "Rhodes"]
[Date "2019.04.20"]
[Round "5.7"]
[White "Woeber, Friedrich"]
[Black "Reuben, Stewart"]
[Result "1-0"]
[WhiteElo "2114"]
[BlackElo "1974"]
[PlyCount "117"]
[EventDate "2019.04.16"]
[EventType "team-swiss"]
[EventRounds "9"]
[EventCountry "GRE"]
[SourceTitle "CBM 190 Extra"]
[Source "ChessBase"]
[SourceDate "2019.07.15"]
[SourceVersion "1"]
[SourceVersionDate "2019.07.15"]
[SourceQuality "1"]
[WhiteTeam "Vienna"]
[BlackTeam "England III"]
[WhiteTeamCountry "AUT"]
[BlackTeamCountry "ENG"]

1. e4 c5 2. d4 cxd4 3. c3 d3 4. c4 Nc6 5. Bxd3 g6 6. Be3 Bg7 7. Qd2 Qa5 8. Nc3 d6 9. Rc1 Be6 10. Nf3 Rc8 11. b3 Ne5 12. Nxe5 Bxe5 13. 0-0 Nf6 14. f4 Bxc3 15. Qxc3 Qxc3 16. Rxc3 b6 17. Bd4 0-0 18. Bxf6 exf6 19. Rc2 Bd7 20. Kf2 Bc6 21. Ke3 Rfe8 22. Kd4 Re7 23. Re2 Rce8 24. Rfe1 Kf8 25. g3 h6 26. h4 Kg7 27. a4 Rd8 28. a5 Rb8 29. Kc3 Reb7 30. axb6 Rxb6 31. Bc2 a5 32. Rd2 Be8 33. Red1 a4 34. bxa4 Ra8 35. Rxd6 Rxd6 36. Rxd6 Bxa4 37. Bxa4 Rxa4 38. Kb3 Ra1 39. c5 Rc1 40. Kb4 Re1 41. Rd4 Kf8 42. c6 Ke7 43. Kc5 h5 44. Kb5 Rc1 45. Rd5 Rb1+ 46. Ka6 Ra1+ 47. Kb6 Rb1+ 48. Rb5 Rc1 49. Kb7 Kd8 50. Rd5+ Ke7 51. c7 Rb1+ 52. Kc6 Rc1+ 53. Rc5 Rxc5+ 54. Kxc5 Kd7 55. Kb6 Kc8 56. Kc6 f5 57. exf5 gxf5 58. Kd6 f6 59. Ke6 1-0

[Event "WchT Seniors 65"]
[Site "Rhodes"]
[Date "2019.04.16"]
[Round "1.8"]
[White "Reuben, Stewart"]
[Black "Hurme, Harri M"]
[Result "1-0"]
[WhiteElo "1974"]
[BlackElo "2148"]
[PlyCount "95"]
[EventDate "2019.04.16"]
[EventType "team-swiss"]
[EventRounds "9"]
[EventCountry "GRE"]
[SourceTitle "CBM 190 Extra"]
[Source "ChessBase"]
[SourceDate "2019.07.15"]
[SourceVersion "1"]
[SourceVersionDate "2019.07.15"]
[SourceQuality "1"]
[WhiteTeam "England III"]
[BlackTeam "Finland III"]
[WhiteTeamCountry "ENG"]
[BlackTeamCountry "FIN"]

1. c4 g6 2. Nc3 Nf6 3. e4 e5 4. Nf3 Nc6 5. d4 exd4 6. Nxd4 d6 7. Be2 Bg7 8. Be3 0-0 9. Nxc6 bxc6 10. Qd2 Re8 11. f3 Be6 12. Rd1 Nd7 13. 0-0 Qb8 14. b3 a5 15. f4 Qb4 16. Bd4 Bxd4+ 17. Qxd4 f6 18. Bf3 Rad8 19. Na4 Bf7 20. Qa7 Nb6 21. Nxb6 Qxb6+ 22. Qxb6 cxb6 23. Rf2 Kf8 24. Rfd2 Ke7 25. Kf2 h6 26. e5 fxe5 27. fxe5 dxe5 28. Bxc6 Rxd2+ 29. Rxd2 Rd8 30. Rxd8 Kxd8 31. Ke3 g5 32. Ke4 Kc7 33. Bd5 Bg6+ 34. Kxe5 Bc2 35. Be4 Bd1 36. h3 a4 37. bxa4 Bxa4 38. Kd5 Be8 39. Ke6 g4 40. Kf6 gxh3 41. gxh3 Kd6 42. Bg6 Bd7 43. h4 Kc5 44. Bf7 h5 45. Bxh5 Kxc4 46. Bf7+ Kb4 47. h5 Bb5 48. h6 1-0

[Event "Gibraltar Masters 17th"]
[Site "Caleta"]
[Date "2019.01.22"]
[Round "1"]
[White "Reuben, Stewart"]
[Black "Cyfka, Karina"]
[Result "0-1"]
[WhiteElo "1989"]
[BlackElo "2426"]
[PlyCount "60"]
[EventDate "2019.01.22"]
[EventType "swiss"]
[EventRounds "10"]
[EventCountry "GGB"]
[SourceTitle "CBM 188 Extra"]
[Source "ChessBase"]
[SourceDate "2019.02.26"]
[SourceVersion "1"]
[SourceVersionDate "2019.02.26"]
[SourceQuality "1"]

1. c4 e6 2. d4 Nf6 3. Nc3 Bb4 4. Bg5 h6 5. Bh4 c5 6. e3 Qa5 7. Qc2 cxd4 8. exd4 Ne4 9. Nge2 d5 10. f3 Nxc3 11. bxc3 Bd6 12. Bg3 Bxg3+ 13. Nxg3 Nc6 14. Kf2 0-0 15. Rb1 Qd8 16. Bd3 b6 17. cxd5 exd5 18. Rhe1 Be6 19. Bh7+ Kh8 20. Bf5 Rc8 21. Qd3 Bxf5 22. Nxf5 Na5 23. Ne3 Nc4 24. Qf5 Nxe3 25. Rxe3 Qh4+ 26. Kg1 Rxc3 27. Rd3 Rc2 28. Rf1 Re8 29. f4 Ree2 30. Rg3 Qxg3 0-1

[Event "BCF-chT3Sa 1819 (4NCL)"]
[Site "England"]
[Date "2018.11.18"]
[Round "2.24"]
[White "Reuben, Stewart"]
[Black "Truran, Michael C"]
[Result "1-0"]
[WhiteElo "1971"]
[BlackElo "2156"]
[PlyCount "89"]
[EventDate "2018.11.17"]
[EventType "team-tourn"]
[EventRounds "7"]
[EventCountry "ENG"]
[SourceTitle "EXT 2021"]
[Source "ChessBase"]
[SourceDate "2020.10.23"]
[SourceVersion "1"]
[SourceVersionDate "2020.10.23"]
[SourceQuality "1"]
[WhiteTeam "MK Phoenix"]
[BlackTeam "Check Innmates"]
[WhiteTeamCountry "ENG"]
[BlackTeamCountry "ENG"]

1. c4 c5 2. Nc3 b6 3. e4 Bb7 4. Nf3 e6 5. d4 cxd4 6. Nxd4 a6 7. Be2 Qc7 8. 0-0 Be7 9. Be3 Nf6 10. Qc2 d6 11. f4 Nbd7 12. Rad1 Rc8 13. h3 Qb8 14. g4 Qa8 15. Bf3 Rxc4 16. g5 Ng8 17. Qe2 Rc8 18. Bf2 Bf8 19. Bg4 Ne7 20. Nxe6 fxe6 21. Bxe6 Ng6 22. Nd5 Bxd5 23. exd5 Qb7 24. Rfe1 Be7 25. Bd4 Nxf4 26. Bf7+ Kd8 27. Qxe7+ Kc7 28. Bxg7 Rhd8 29. Be6 Nxe6 30. dxe6 Qf3 31. Qxd6+ Kb7 32. e7 Ne5 33. exd8N+ Rxd8 34. Qxe5 Rxd1 35. Rxd1 Qxd1+ 36. Kf2 Qd2+ 37. Kf3 Qd1+ 38. Qe2 Qh1+ 39. Kg3 Ka7 40. Bd4 Qd5 41. Qe7+ Ka8 42. Bxb6 Qd3+ 43. Be3 Kb8 44. Qb4+ Ka8 45. Qd4 1-0

[Event "BCF-ch Seniors 65"]
[Site "Hull"]
[Date "2018.08.01"]
[Round "4"]
[White "Reuben, Stewart"]
[Black "Goodwin, Ed H"]
[Result "0-1"]
[WhiteElo "2013"]
[BlackElo "1844"]
[PlyCount "64"]
[EventDate "2018.07.29"]
[EventType "swiss"]
[EventRounds "7"]
[EventCountry "ENG"]
[SourceTitle "CBM 185 Extra"]
[Source "ChessBase"]
[SourceDate "2018.07.29"]
[SourceVersion "1"]
[SourceVersionDate "2018.07.29"]
[SourceQuality "1"]

1. c4 c5 2. Nc3 Nc6 3. g3 g6 4. Bg2 Bg7 5. e3 e6 6. Nge2 Nge7 7. d4 cxd4 8. Nxd4 a6 9. 0-0 0-0 10. c5 Nxd4 11. exd4 d5 12. Na4 Nf5 13. Nb6 Rb8 14. Bf4 e5 15. Bxe5 Bxe5 16. dxe5 Qe7 17. Bxd5 Qxc5 18. Nxc8 Rfxc8 19. Rc1 Qe7 20. Re1 Rd8 21. f4 h5 22. Qb3 Kg7 23. Red1 b5 24. Rc6 Qa7+ 25. Kh1 Ne3 26. Rf6 Nxd5 27. Rxd5 Qf2 28. Rd1 Rxd1+ 29. Qxd1 Rc8 30. Rxf7+ Kh6 31. e6 Rc2 32. Qxc2 Qf1# 0-1

[Event "BCF-chT3S 1718 (4NCL) Promotion pool"]
[Site "England"]
[Date "2018.05.06"]
[Round "10.42"]
[White "Reuben, Stewart"]
[Black "Somerfield, Adrian P"]
[Result "1/2-1/2"]
[WhiteElo "2026"]
[BlackElo "2085"]
[PlyCount "34"]
[EventDate "2017.11.11"]
[EventType "team-tourn"]
[EventRounds "11"]
[EventCountry "ENG"]
[SourceTitle "EXT 2020"]
[Source "ChessBase"]
[SourceDate "2019.10.17"]
[SourceVersion "1"]
[SourceVersionDate "2019.10.17"]
[SourceQuality "1"]
[WhiteTeam "MK Phoenix"]
[BlackTeam "Cambridge University II"]
[WhiteTeamCountry "ENG"]
[BlackTeamCountry "ENG"]

1. d4 Nf6 2. c4 e6 3. Nc3 d5 4. Bg5 c6 5. e3 Nbd7 6. cxd5 exd5 7. Bd3 Be7 8. Qc2 0-0 9. Nf3 Re8 10. 0-0 Nf8 11. Ne5 Ng6 12. Bxg6 hxg6 13. Rab1 Nh5 14. Bxe7 Qxe7 15. b4 a6 16. Na4 Qg5 17. Nb6 Rb8 1/2-1/2

[Event "EU-chT Seniors 50"]
[Site "Walbrzych"]
[Date "2018.04.22"]
[Round "9.2"]
[White "Reuben, Stewart"]
[Black "Wagner Michel, Annett"]
[Result "0-1"]
[WhiteElo "2026"]
[BlackElo "2104"]
[PlyCount "54"]
[EventDate "2018.04.14"]
[EventType "team-swiss"]
[EventRounds "9"]
[EventCountry "POL"]
[SourceTitle "CBM 184 Extra"]
[Source "ChessBase"]
[SourceDate "2018.06.28"]
[SourceVersion "1"]
[SourceVersionDate "2018.06.28"]
[SourceQuality "1"]
[WhiteTeam "England 50"]
[BlackTeam "Germany (Women) 50"]
[WhiteTeamCountry "ENG"]
[BlackTeamCountry "GER"]

1. c4 e5 2. Nc3 Nf6 3. g3 d5 4. cxd5 Nxd5 5. Bg2 Nb6 6. d3 Be7 7. f4 exf4 8. Bxf4 0-0 9. Nf3 Nc6 10. Qd2 f6 11. 0-0 Bc5+ 12. Be3 Nc4 13. dxc4 Qxd2 14. Nxd2 Bxe3+ 15. Rf2 Bxd2 16. Nd5 Bb4 17. Nxc7 Rb8 18. e3 Bc5 19. Re2 Bg4 20. Ree1 Ne5 21. Bd5+ Kh8 22. Kg2 Nd3 23. Rf1 Be2 24. Rfb1 Bxe3 25. Re1 Bb6 26. Rxe2 Bxc7 27. Re7 Be5 0-1

[Event "BCF-chT3S 1718 (4NCL) Promotion pool"]
[Site "England"]
[Date "2018.03.25"]
[Round "8.24"]
[White "Reuben, Stewart"]
[Black "McDougall, William M"]
[Result "0-1"]
[WhiteElo "2026"]
[BlackElo "2046"]
[PlyCount "76"]
[EventDate "2017.11.11"]
[EventType "team-tourn"]
[EventRounds "11"]
[EventCountry "ENG"]
[SourceTitle "EXT 2020"]
[Source "ChessBase"]
[SourceDate "2019.10.17"]
[SourceVersion "1"]
[SourceVersionDate "2019.10.17"]
[SourceQuality "1"]
[WhiteTeam "MK Phoenix"]
[BlackTeam "Wessex"]
[WhiteTeamCountry "ENG"]
[BlackTeamCountry "ENG"]

1. c4 c5 2. Nc3 Nc6 3. g3 g6 4. Bg2 Bg7 5. Nh3 e5 6. d3 Nge7 7. Nd5 Nxd5 8. cxd5 Nd4 9. 0-0 d6 10. e3 Nf5 11. f4 exf4 12. Nxf4 0-0 13. Rb1 Bd7 14. b4 b6 15. bxc5 bxc5 16. Bd2 Re8 17. Be4 Rb8 18. Qc2 Qe7 19. Rxb8 Rxb8 20. Rb1 Rb6 21. Kf2 h5 22. Ba5 Ba4 23. Qc1 Rxb1 24. Qxb1 Nh6 25. Qb8+ Kh7 26. h3 f5 27. Bf3 Nf7 28. Ne6 Be5 29. d4 cxd4 30. exd4 Bf6 31. Bc7 h4 32. g4 fxg4 33. Bxg4 Bg5 34. Qxa7 Qf6+ 35. Kg2 Be3 36. Bf3 Bd1 37. Kh2 Qxf3 38. Ng5+ Bxg5 0-1

[Event "BCF-chT3Sb 1718 (4NCL)"]
[Site "England"]
[Date "2018.03.24"]
[Round "7.74"]
[White "Dickinson, Timothy R"]
[Black "Reuben, Stewart"]
[Result "0-1"]
[WhiteElo "2080"]
[BlackElo "2024"]
[PlyCount "84"]
[EventDate "2017.11.11"]
[EventType "team-tourn"]
[EventRounds "11"]
[EventCountry "ENG"]
[SourceTitle "EXT 2020"]
[Source "ChessBase"]
[SourceDate "2019.10.17"]
[SourceVersion "1"]
[SourceVersionDate "2019.10.17"]
[SourceQuality "1"]
[WhiteTeam "Oxford II"]
[BlackTeam "MK Phoenix"]
[WhiteTeamCountry "ENG"]
[BlackTeamCountry "ENG"]

1. d4 Nf6 2. Nf3 c5 3. c3 e6 4. Bg5 b6 5. e4 Be7 6. Bd3 Bb7 7. Nbd2 d6 8. 0-0 h6 9. Bxf6 Bxf6 10. Qe2 Nd7 11. Rfd1 0-0 12. Nc4 Qe7 13. e5 dxe5 14. dxe5 Bg5 15. Nd6 Bxf3 16. gxf3 Rad8 17. h4 Bxh4 18. f4 f6 19. Qe4 f5 20. Qg2 g5 21. Bb5 Nb8 22. Nb7 Rxd1+ 23. Rxd1 a6 24. Bc4 b5 25. Bxe6+ Qxe6 26. Rd6 Qc4 27. Rxh6 Qxf4 28. Nxc5 Qc1+ 29. Qf1 Qxf1+ 30. Kxf1 Re8 31. Rb6 g4 32. e6 Be7 33. Nd3 Rd8 34. Nf4 Kg7 35. b3 Kf6 36. c4 Bc5 37. Rb7 bxc4 38. bxc4 Ke5 39. e7 Re8 40. Ng6+ Kf6 41. Nf4 Ke5 42. Nd5 Nc6 0-1

[Event "Gibraltar Masters 16th"]
[Site "Caleta"]
[Date "2018.01.29"]
[Round "7"]
[White "Francois Haugrin, Said"]
[Black "Reuben, Stewart"]
[Result "1/2-1/2"]
[WhiteElo "1714"]
[BlackElo "2045"]
[PlyCount "90"]
[EventDate "2018.01.23"]
[EventType "swiss"]
[EventRounds "10"]
[EventCountry "GGB"]
[SourceTitle "CBM 183"]
[Source "ChessBase"]
[SourceDate "2018.03.14"]
[SourceVersion "1"]
[SourceVersionDate "2018.03.14"]
[SourceQuality "1"]

1. e4 c5 2. Nf3 Nc6 3. Bb5 d6 4. Bxc6+ bxc6 5. d4 Nf6 6. Qd3 cxd4 7. Nxd4 c5 8. Nf3 Qb6 9. 0-0 c4 10. Qe2 c3 11. bxc3 Ba6 12. c4 Rc8 13. Na3 Qb4 14. e5 Nd5 15. exd6 Qxd6 16. Qe4 Nb6 17. Nb5 Bxb5 18. cxb5 Qd5 19. Qxd5 Nxd5 20. Nd4 Rc4 21. Rd1 Nc3 22. Be3 Nxd1 23. Rxd1 Rc7 24. Nc6 Rd7 25. Rb1 e6 26. Bxa7 Bd6 27. c4 0-0 28. c5 Rxa7 29. Nxa7 Bxc5 30. Nc6 Bb6 31. Kf1 Ra8 32. Ra1 Ra3 33. Ke2 Kf8 34. f3 Ke8 35. Kd2 Kd7 36. Ne5+ Kc7 37. Nxf7 Bd4 38. Rc1+ Kb6 39. Rc2 Kxb5 40. Nd6+ Ka6 41. Rc6+ Ka5 42. Nc4+ Kb5 43. Nxa3+ Kxc6 44. Kd3 Kd5 45. Nb5 Bb6 1/2-1/2